000 00707nam a2200289Ia 4500
005 20260324133837.0
008 008 260324s9999 xx 000 0 eng d
020 _a9781315040127
037 _aEBOOK
040 _aCRL
040 _beng
040 _cCRL
041 _2eng
041 _aeng
084 _qCRL
100 _aRaphael Israeli
_91159475
245 0 _aGreen Crescent Over Nazareth
245 4 _bThe Displacement of Christians by Muslims in the Holy Land
260 _bTaylor and Francis
260 _c2002
365 _a
365 _b230
856 _uhttp://www.taylorfrancis.com/books/9781315040127
942 _cEBOOK
999 _c1794074
_d1794074